Statistiques concernant La Carioca - La Cité de la Peur - Paroles

Cliquez ici pour prendre le quiz!

Statistiques générales

  • Ce quiz a été pris 594 fois
    (469 depuis la dernière actualisation)
  • Le résultat moyen est 137 sur 190

Statistiques - réponses

Paroles% Correct
C'
100%
Ça
100%
ça.
100%
La
100%
100%
la
100%
à
99%
Carioca ?
99%
Carioca
99%
s'
98%
t'
98%
danse
95%
est
95%
n'
93%
pas.
93%
pas
93%
tu
93%
Tu
93%
Ce
92%
danser
91%
ou
91%
un
88%
Sais-
87%
Dansons
85%
moi.
85%
comme
84%
bien
83%
fais
83%
une
82%
Tous
81%
tous
81%
Youpi
81%
youpi
81%
Faisez
74%
tango
74%
cha-cha.
73%
cha-cha
73%
en
68%
polka.
67%
le
66%
de
64%
mes
63%
pour
63%
Pour
63%
"Au
62%
il
61%
suis
61%
compliqué
59%
revoir".
58%
très
58%
bossa-nova.
57%
dire
57%
que
57%
danses,
56%
danses
56%
faut
56%
plus
55%
ne
54%
fox-trot
53%
avec
52%
Avec
52%
Encore
52%
oui
52%
pis
52%
Tant
52%
autres
51%
te
51%
Te
51%
aux
50%
moins
50%
et
49%
Et
49%
les
49%
Oh
49%
vraiment
49%
du
48%
tout
47%
comprendre
46%
peux
45%
Quand
44%
quand
44%
veux
44%
dès
43%
faire
43%
as
41%
cette
40%
monde
40%
rumba,
40%
Maintenant
37%
bouger.
35%
fiches
35%
matins
35%
goûté
31%
hula hoop
29%
lever
29%
journée.
28%
met
27%
joie
26%
petit
24%
chaque
23%

Distribution des résultats

Percentile par nombre de réponses

% des personnes avec chaque résultat

Votre développement - résultats

Vous n’avez pas pris ce quiz depuis la dernière actualisation